| 000 | 00460nam a2200181Ia 4500 | ||
|---|---|---|---|
| 001 | 8345 | ||
| 005 | 20260306160602.0 | ||
| 008 | 260306t2004||||xx |||||||||||||| ||spa|| | ||
| 041 | _aESP | ||
| 082 |
_a370.33 _bL27 |
||
| 100 |
_aLassibille, Gérard _eAUT |
||
| 245 | 0 |
_aManual de economía de la educación: _bteoría y casos prácticos |
|
| 260 | _c2004 | ||
| 300 |
_a310 páginas : _c24 cm. |
||
| 650 | _aGEN | ||
| 654 | _aCED | ||
| 942 |
_cLIB _dJUS _fJUS _2ddc _n |
||
| 999 |
_c8345 _d8345 |
||